| 000 | 00456nam a2200181Ia 4500 | ||
|---|---|---|---|
| 003 | GCL | ||
| 008 | 140319s9999 xx 000 0 eng d | ||
| 040 |
_aGCL / _cGCL |
||
| 082 | 0 | 4 |
_a361.32 _bD T |
| 100 | 1 | _aDAVIES, MARTIN | |
| 245 | 1 | 0 |
_aTHE SOCIOLOGY OF SOCIAL WORK / _cDAVIES, MARTIN |
| 260 |
_a[S.N] : _bPOUTLEDGE ، _c1991 |
||
| 300 | _a259 P | ||
| 650 | 0 | 4 | _aSOCIOLOGY |
| 650 | 0 | 4 | _aSOCIAL SERVICES |
| 650 | 0 | 4 | _aSOCIAL SCIENCE |
| 942 |
_2ddc _cBK |
||
| 999 |
_c10444 _d10444 |
||